| 000 | 01004cam a22002898i 4500 | ||
|---|---|---|---|
| 001 | 19596773 | ||
| 005 | 20180216090956.0 | ||
| 008 | 170413s2017 mnu j b 001 0 eng | ||
| 010 | _a 2016047350 | ||
| 020 | _a9781632354082 (hardcover : alk. paper) | ||
| 020 | _a9781632354792 (pbk. : alk. paper) | ||
| 040 |
_aDLC _beng _erda _cDLC _dDLC |
||
| 041 | _aeng | ||
| 042 | _apcc | ||
| 080 | _a028.09 | ||
| 082 | 0 | 0 |
_a028.09 _223 |
| 100 | 1 | _a21 | |
| 101 | _aGJL | ||
| 245 | 1 | 0 |
_a12 most influential books of all times / _cby Barbara Krasner. |
| 246 | 3 | _aTwelve most influential books of all times | |
| 263 | _a1709 | ||
| 504 | _aIncludes bibliographical references and index. | ||
| 776 | 0 | 8 |
_iOnline version: _aKrasner, Barbara, author. _t12 most influential books of all times _dMankato, MN : 12 Story Library, [2018] _z9781621435310 _w(DLC) 2017018630 |
| 906 |
_a7 _brix _corignew _d1 _eecip _f20 _gy-gencatlg |
||
| 942 |
_2ddc _cBK |
||
| 999 |
_c42843 _d42843 |
||